Catalog

Record Details

Catalog Search



Available copies

  • 2 of 2 copies available at LARL/NWRL Consortium.
  • 2 of 2 copies available at Lake Agassiz Regional Library. (Show preferred library)

Current holds

0 current holds with 2 total copies.

Show Only Available Copies
Location Call Number / Copy Notes Barcode Shelving Location Status Due Date
Fosston Public Library 636.8 COX (Text) 33500012400735 Main Available -
Moorhead Public Library 636.8 COX (Text) 33500012400743 Main Available -

Record details

  • ISBN: 9781250077325
  • ISBN: 125007732X
  • Physical Description: 242 pages : illustrations ; 22 cm
  • Edition: First U.S. edition.
  • Publisher: New York : Thomas Dunne Books, St. Martin's Press, 2016.

Content descriptions

General Note:
"First published in Great Britain by Sphere, an imprint of Little, Brown Book Group"--Title-page ... Read More
Summary, etc.:
"Close Encounters of the Furred Kind" is the ... Read More
Subject: Cats > England > Norfolk > Anecdotes.
Cats.
England > Norfolk.
Genre: Anecdotes.
Anecdotes.
LDR 01883cam a22004338i 4500
001211509
003LARL_NWRL_CONSORTIUM
00520160822204348.0
008160618s2016 nyua 000 0 eng
020 . ‡a9781250077325 ‡q(hardcover) : ‡c$24.99
020 . ‡a125007732X ‡q(hardcover)
020 . ‡z9781466889279 ‡q(e-book)
035 . ‡a(OCoLC)918994737
042 . ‡apcc
043 . ‡ae-uk-en
08200. ‡a636.8 ‡223
1001 . ‡aCox, Tom, ‡d1975- ‡eauthor. ‡0(LARL_NWRL_CONSORTIUM)223533
24510. ‡aClose encounters of the furred kind / ‡cTom Cox.
250 . ‡aFirst U.S. edition.
264 1. ‡aNew York : ‡bThomas Dunne Books, St. Martin's Press, ‡c2016.
300 . ‡a242 pages : ‡billustrations ; ‡c22 cm
336 . ‡atext ‡btxt ‡2rdacontent
337 . ‡aunmediated ‡bn ‡2rdamedia
338 . ‡avolume ‡bnc ‡2rdacarrier
500 . ‡a"First published in Great Britain by Sphere, an imprint of Little, Brown Book Group"--Title-page verso.
520 . ‡a"Close Encounters of the Furred Kind" is the follow-up to the" Sunday Times" Top Ten Bestseller "The Good, The Bad, and the Furry." Like "The Good, The Bad, and the Furry," it tells the story of Tom Cox's life with his charismatic cats-- The Bear, Shipley, Ralph, and recent recruit Roscoe"-- ‡cProvided by publisher.
650 0. ‡aCats ‡zEngland ‡zNorfolk ‡vAnecdotes.
650 7. ‡aCats. ‡2fast ‡0(LARL_NWRL_CONSORTIUM)175913
651 7. ‡aEngland ‡zNorfolk. ‡2fast
655 7. ‡aAnecdotes. ‡2fast
655 7. ‡aAnecdotes. ‡2lcgft
901 . ‡a211509 ‡bOCoLC ‡c211509 ‡tbiblio ‡soclc

Additional Resources